000 00672nam a22002177a 4500
003 UA-OsUOA
001 97748
007 ta
008 20130404b un ||||| |||| 00| 0 ukr d
090 _a821.161.1
_bП42
942 _cBK
040 _aUA-OsUOA
_brus
_cUA-OsUOA
_dUA-OsUOA
245 _aПовести и рассказы советских писателей
_bв 2 кн.
_cсост. Л. Арутюнов
_n1
300 _a575 с.
955 _a3
041 _arus
080 _a821.161.1
260 _aМ.
_bХудожественная литература
_c1985
650 7 _a82 Література. Літературознавство
_2UDC
999 _c384000
_d384000